Trouve le Disney du bon Personnage! Difficile - Statistiques

Statistiques générales
  • Ce quiz a été pris 160 fois
  • Le résultat moyen est 37 sur 62
Statistiques - réponses
Nom du personnage Nom du Disney % Correct
1 Sven La Reine des neiges
99%
8 Grincheux Blanche-Neige et les Sept Nains
94%
23 Tigrou Les Aventures de Winnie l'ourson
92%
3 Polochon la petite sirène
90%
30 Sarabi Le Roi lion
88%
29 Rajah Aladdin
87%
12 Panpan Bambi
87%
14 Chapelier fou Alice au pays des merveilles
85%
28 Gaston La Belle et la Bête
84%
32 Megara Hercule
82%
15 Mouche Peter Pan
82%
13 Jac et Gus Cendrillon
81%
31 La Esmeralda Le Bossu de Notre-Dame
81%
17 Maléfique La Belle au bois dormant
80%
20 Shere Khan Le Livre de la jungle
80%
53 Bruno Madrigal Encanto : La Fantastique Famille Madrigal
77%
51 Lieutenant Matthias La Reine des neiges 2
77%
24 Miss Bianca Les Aventures de Bernard et Bianca
77%
4 Chien-Po Mulan
76%
21 Toulouse Les Aristochats
75%
45 Pascal Raiponce
73%
36 Yzma Kuzco, l'empereur mégalo
71%
44 Docteur Facilier La Princesse et la Grenouille
71%
57 Kovu Le Roi lion 2
71%
18 Pongo Les 101 Dalmatiens
71%
2 Meeko Pocahontas
71%
47 Vanellope von Schweetz Les Mondes de Ralph
68%
56 Gramma Tala Vaiana 2
68%
7 Tamatoa Vaiana, la Légende du bout du monde
68%
6 Koda Frère des ours
67%
19 Arthur Merlin l'Enchanteur
67%
49 Nick Wilde Zootopie
66%
60 chef Bogo Zootopie 2
66%
48 Baymax Les Nouveaux Héros
65%
46 Bourriquet Winnie l'Ourson
65%
58 Timon Le Roi lion 3
60%
37 Milo James Thatch Atlantide, l'empire perdu
58%
16 César La Belle et le Clochard
57%
38 Nani Lilo et Stitch
56%
55 Asha Wish : Asha et la Bonne Étoile
54%
59 Scamp La Belle et le Clochard 2
52%
27 professeur Ratigan Basil, détective privé
48%
52 Sisu Raya et le Dernier Dragon
48%
39 Morph La Planète au trésor : Un nouvel univers
46%
33 Terk Tarzan
45%
43 Mittens Volt, star malgré lui
39%
26 Princess Eilonwy Taram et le Chaudron magique
37%
42 Cornelius Robinson- Lewis Bienvenue chez les Robinson
35%
10 Yensid Fantasia
35%
34 Donald Duck Fantasia 2000
35%
25 Vixy Rox et Rouky
35%
35 Aladar Dinosaure
32%
5 Jenny Foxworth Oliver et Compagnie
31%
9 Lampwick Pinocchio
31%
40 Alameda Slim La ferme se rebelle
30%
11 Giddy Dumbo
27%
61 Hans La Reine des neiges 3
27%
41 Abby Mallard Chicken Little
23%
22 Le Capitaine de la Garde Robin des Bois
23%
62 Olaf La Reine des neiges 4
20%
54 Ethan Clade Avalonia : L'Étrange Voyage
19%
50 Shank Ralph 2.0
16%
Aucun quiz correspondant
Distribution des résultats
% des personnes avec chaque résultat
Percentile par nombre de réponses
Votre historique - résultats
Vous n’avez pas pris ce quiz